000
00320nam a22001457a 4500
008
210427b ||||| |||| 00| 0 eng d
020
_a
9780395916834
041
_a
eng
080
_2
5th
_a
51
082
_a
51
100
_a
36
101
_a
MAT
245
_a
Calculus An Applied Approach
_c
Larson,
942
_2
udc
_c
BK
999
_c
56834
_d
56834